00481nam a2200121Ia 4500008004100000100002500041245012500066245006500191260000900256300001000265650001300275856007100288170221s9999 xx 000 0 und d aQurrat-ul-ain Sultan aDifferent factors of Work Life Balance Affecting Employee Job Satisfaction: A Study of Banking Sector of Sargodha Region cQurrat-ul-ain Sultan, Junaid Aftab, Saif ul Amin, Uzma Anjum c2014 a3 : 2 xBusiness uhttp://absronline.org/journals/index.php/eimj/article/view/635/657